Looking at the development of private returns to education in Slovakia in the context of teritiary education expansion

Guardado en:
Detalles Bibliográficos
Autor principal: Štefánik, Miroslav
Formato: Capítulo de libro
Lenguaje:inglés
Materias:
Etiquetas: Agregar Etiqueta
Sin Etiquetas, Sea el primero en etiquetar este registro!

MARC

LEADER 00000naa a2200000 4500
001 0155074
005 20231208072514.6
041 0 |a eng 
044 |a SK 
245 1 0 |a Looking at the development of private returns to education in Slovakia in the context of teritiary education expansion  |c Miroslav Štefánik 
610 2 0 |a Slovensko 
610 2 0 |a vzdelávanie vysokoškolské 
610 2 0 |a analýza regresná 
610 2 0 |a politika vzdelávania 
610 2 0 |a kvalita vzdelávania 
610 2 0 |a odmeňovanie 
610 2 0 |a kapitál ľudský 
100 1 |a Štefánik, Miroslav